|
|
|
|
| LEADER |
02338cam a2200613 a 4500 |
| 001 |
nkc20102128892 |
| 003 |
CZ PrNK |
| 005 |
20130308184414.0 |
| 007 |
ta |
| 008 |
101214s2010 xr e 000 0 cze d |
| 015 |
|
|
|a cnb002128892
|
| 020 |
|
|
|a 978-80-7367-809-8
|q (brož.)
|
| 035 |
|
|
|a (OCoLC)820693373
|
| 040 |
|
|
|a PNA001
|b cze
|d ABA001
|
| 041 |
1 |
|
|a cze
|h ger
|
| 072 |
|
7 |
|a 364-1/-7
|x Druhy sociální pomoci a služeb
|2 Konspekt
|9 18
|
| 080 |
|
|
|a 364-4
|2 MRF
|
| 080 |
|
|
|a 364-787
|2 MRF
|
| 080 |
|
|
|a 614.253
|2 MRF
|
| 080 |
|
|
|a 316.462
|2 MRF
|
| 080 |
|
|
|a 316.472.4
|2 MRF
|
| 080 |
|
|
|a 615.851
|2 MRF
|
| 080 |
|
|
|a (048.8)
|2 MRF
|
| 100 |
1 |
|
|a Guggenbühl-Craig, Adolf,
|d 1923-2008
|7 jo20000082178
|4 aut
|
| 245 |
1 |
0 |
|a Nebezpečí moci v pomáhajících profesích /
|c Adolf Guggenbühl-Craig ; [z německého originálu ... přeložil Petr Patočka]
|
| 250 |
|
|
|a Vyd. 2.
|
| 260 |
|
|
|a Praha :
|b Portál,
|c 2010
|
| 300 |
|
|
|a 113 s. ;
|c 21 cm
|
| 490 |
1 |
|
|a Spektrum ;
|v 57
|
| 650 |
0 |
7 |
|a pomáhající profese
|7 ph124335
|2 czenas
|
| 650 |
0 |
7 |
|a pomáhající chování
|7 ph124334
|2 czenas
|
| 650 |
0 |
7 |
|a lékař a pacient
|7 ph122494
|2 czenas
|
| 650 |
0 |
7 |
|a moc
|7 ph122929
|2 czenas
|
| 650 |
0 |
7 |
|a interpersonální vztahy
|7 ph114786
|2 czenas
|
| 650 |
0 |
7 |
|a psychoterapie
|7 ph115954
|2 czenas
|
| 650 |
0 |
9 |
|a helping professions
|2 eczenas
|
| 650 |
0 |
9 |
|a helping behavior
|2 eczenas
|
| 650 |
0 |
9 |
|a physician and patient
|2 eczenas
|
| 650 |
0 |
9 |
|a power (social sciences)
|2 eczenas
|
| 650 |
0 |
9 |
|a interpersonal relations
|2 eczenas
|
| 650 |
0 |
9 |
|a psychotherapy
|2 eczenas
|
| 655 |
|
7 |
|a studie
|7 fd133597
|2 czenas
|
| 655 |
|
9 |
|a studies
|2 eczenas
|
| 700 |
1 |
|
|a Patočka, Petr,
|d 1967-
|7 jn20001227175
|4 trl
|
| 765 |
0 |
|
|t Macht als Gefahr beim Helfer
|9 Česky
|
| 830 |
|
0 |
|a Spektrum (Portál)
|0 s
|
| 856 |
4 |
1 |
|u http://www.digitalniknihovna.cz/mzk/uuid/uuid:21ddb4c0-1ee6-11e9-b427-005056827e51
|y Digitalizovaný dokument
|x NDK
|
| 910 |
2 |
|
|a BOA001
|b 2-1293.032
|
| 990 |
|
|
|a BK
|
| 995 |
|
|
|a 01
|
| 991 |
|
|
|b 201210
|c NOV
|e n
|
| 996 |
6 |
|
|b 2610525180
|c 2-1293.032
|l MZK
|r Sklad / do 1 hodiny
|n 9
|p p.v.
|w 001289451
|u 000010
|a 1
|e BOA001
|j MZK50
|s P
|
| 996 |
6 |
|
|b 2610526578
|c 2-1293.032
|l MZK
|r HSS 4p
|n 0
|p kup
|h 364 GUG
|w 001289451
|u 000020
|a 0
|e BOA001
|j MZK50
|s P
|
| 996 |
7 |
|
|b 2610526579
|c 2-1293.032
|l MZK
|r Sklad / do 1 hodiny
|n 29
|p kup
|w 001289451
|u 000030
|a 1
|e BOA001
|j MZK50
|s A
|